000 00614nam a2200229Ia 4500
003 OSt
005 20221007070732.0
006 a|||||r|||| 00| 0
007 ta
008 221006b |||||||| |||| 00| 0 eng d
024 _a27,243
037 _cTextual
040 _aFLL
_cFLL
_beng
041 _2eng
_aeng
082 _aV46:51, L7
100 _aBhutani Surendra
245 0 _aUnited Nations and the Arab-Israeli conflict
260 _aHaryana
_bAcademic Press India
_c1977
300 _ax,1-216p
_ccm.
942 _hV46:51, L7
_cTEXL
_2CC
999 _c1141398
_d1141398